000 00865nam a22002777a 4500
003 CBULib
005 20240919095257.0
008 230426b |||||||| |||| 00| 0 eng d
020 _a9780198703174
040 _aCBULib
_cCBULib
_bEnglish
_erda
041 _aeng
050 _aQA 279.5 Oxf
100 _aO'hagan, Anthony
245 _aThe Oxford handbook of applied bayesian analysis
_c/ edited by Anthony O'hagan and Mike West
260 _aOxford :
_bOxford University,
_c2010
300 _axxxiv, 889 pages : illustrations
336 _2rdacontent
_aText |
_btxt
337 _2rdamedia
_aUnmediated |
_bn
338 _2rdacarrier
_aVolume
_bnc
600 _2Title page
_aO'HAGAN, ANTHONY
600 _2Title page
_aWEST, MIKE
650 _aBAYESIAN STATISTICAL DECISION THEORY
650 _aELECTRONIC BOOKS
700 _aWest, Mike
942 _c002
_2lcc
999 _c77403
_d77403